000 00352nam a2200145Ia 4500
008 230917s9999||||xx |||||||||||||| ||und||
040 _e59050
_aMAIN
041 _aEnglish
082 _a297.1 N186I
100 _aNasr, Seyyed Hossein
245 0 _aIdeals and realities of Islam
260 _aNew Delhi
_bVikas
_c1979
300 _a188 p.
942 _cBK
999 _c80707
_d80707